|
|
|
|
| LEADER |
00000nab a2200000uu 4500 |
| 001 |
vtls010874032 |
| 003 |
SK-MaSNL |
| 005 |
20260303110453.0 |
| 008 |
230121|1978 xo |||||||||||||||||slo| |
| 015 |
|
|
|a SNBRB
|
| 035 |
|
|
|a (urnnbn)urn:nbn:sk:snk:ar-005f4p
|
| 035 |
|
|
|a (uuid)f01390f4-ca27-4270-925a-20f41763d280
|
| 035 |
|
|
|a urn:nbn:sk:snk-ab7lgd
|
| 040 |
|
|
|a SNKBUCL
|b slo
|c SNKBUCL
|e AACR2
|
| 041 |
0 |
|
|a slo
|
| 044 |
|
|
|a xo
|c SK
|
| 100 |
1 |
|
|a Miklánek, J.
|4 aut
|9 1122219
|
| 245 |
1 |
0 |
|a Základy praktické akupunktury
|c J. Miklánek, R. Růžička
|
| 700 |
1 |
|
|a Růžička, R.
|4 aut
|9 1122432
|
| 773 |
0 |
|
|t Rehabilitácia : odborný časopis pre otázky liečebnej, pracovnej, psychosociálnej a výchovnej rehabilitácie
|g Roč. 11, č. 17 (1978), s. [1]-125
|
| 954 |
|
|
|a odborná, vedecká literatúra pôvodná (slovenská)
|2 lita
|
| 958 |
|
|
|a OND
|
| 958 |
|
|
|a EUIPO
|
| 958 |
|
|
|a article8
|
| 999 |
|
|
|c 1870413
|d 1872343
|